Finančná gramotnosť vysokoškolákov na Slovensku a vybrané aspekty jej zvyšovania

Gespeichert in:
Bibliographische Detailangaben
1. Verfasser: Bačová, Monika
Format: Buchkapitel
Sprache:Slowakisch
Englisch
Tags: Tag hinzufügen
Keine Tags, Fügen Sie das erste Tag hinzu!

MARC

LEADER 00000nla a2200000 4500
001 0209104
005 20240502073455.4
041 0 |a slo 
041 0 |a eng 
044 |a SK 
245 1 0 |a Finančná gramotnosť vysokoškolákov na Slovensku a vybrané aspekty jej zvyšovania  |c Monika Bačová 
500 |a Abstrakt 
100 1 |a Bačová, Monika